Electromobility in the European Union and in the Slovakia and Its Development Opportunities

Trendy v oblasti automobilového priemyslu zamerané na elektromobily v EÚ a na Slovensku.

Uložené v:
Podrobná bibliografia
Hlavný autor: Daňo, Ferdinand, 1959-
Ďalší autori: Rehák, Róbert, 1984-
Médium: Kapitola
Jazyk:English
Predmet:
Tagy: Pridať tag
Žiadne tagy, Buďte prvý, kto otaguje tento záznam!

MARC

LEADER 00000naa$a2200000$$$4500
001 0240984
005 20240502083646.6
041 0 |a eng 
044 |a HR 
245 1 0 |a Electromobility in the European Union and in the Slovakia and Its Development Opportunities  |c Ferdinand Daňo, Róbert Rehák 
520 |a Trendy v oblasti automobilového priemyslu zamerané na elektromobily v EÚ a na Slovensku. 
610 2 0 |a elektromobily 
610 2 0 |a inovácie environmentálne 
610 2 0 |a Európska únia 
610 2 0 |a doprava 
610 2 0 |a logistika elektronická 
610 2 0 |a logistika 
610 2 0 |a Slovensko 
100 1 |a Daňo, Ferdinand, 1959- 
700 1 |a Rehák, Róbert, 1984-